000 00835nmm a2200265 a 4500
001 ocm0001256944
003 TR-IsHL
005 20201028160727.0
008 160715s2015 tu tur
007 cr cn
020 _a9786059937139
035 _a1256944
_b(N$T)
050 0 4 _aPL248.T87
_bK9 2015
090 0 4 _aPL248.T87
_bK9 2015
100 1 _aTürkdoğan, Fatma
245 1 0 _aKybele'nin varisleri
_h[electronic resource] /
_cFatma Türkdoğan
260 _aİstanbul :
_bFerfir Yayınları,
_c2015
300 _a136 p.
650 4 _aDil ve Edebiyat
650 4 _aLanguage and Literature
650 0 _aTürk romanı
650 0 _aTurkish fiction
650 7 _aLITERARY COLLECTIONS / Middle Eastern
_2bisacsh
856 4 0 _uhttp://search.ebscohost.com/login.aspx?direct=true&scope=site&db=e011xww&AN=1256944
999 _c13752
_d13752